[Event "Titled Tuesday intern op 28th Nov Early"]
[Site "Chess.com INT"]
[Date "2023.11.28"]
[Round "3"]
[White "Mammadov, Ziya Parviz"]
[Black "Kochiev, Ivan"]
[Result "0-1"]
[WhiteElo "1438"]
[BlackElo "2053"]
[PlyCount "122"]
[EventDate "2023.11.28"]
[EventType "swiss (blitz)"]
[EventRounds "11"]
[EventCountry "USA"]
[SourceTitle "EXT 2025"]
[Source "ChessBase"]
[SourceDate "2024.10.14"]
[SourceVersion "1"]
[SourceVersionDate "2024.10.14"]
[SourceQuality "1"]

1. e4 e5 2. Nf3 Nf6 3. Nxe5 Nc6 4. Nxc6 dxc6 5. Nc3 Bc5 6. h3 h5 7. d3 Qd6 8. Be2 Be6 9. Bg5 0-0-0 10. Qd2 Kb8 11. f4 Qd4 12. e5 Qf2+ 13. Kd1 Nd5 14. Bxd8 Ne3+ 15. Kc1 Rxd8 16. Bxh5 Qxd2+ 17. Kxd2 Nxg2 18. Ne2 Be3+ 19. Kd1 Bxf4 20. Nxf4 Nxf4 21. Bg4 Bd5 22. Rf1 g5 23. Rf2 Re8 24. d4 c5 25. c3 cxd4 26. cxd4 c5 27. dxc5 Rxe5 28. Kc2 Be4+ 29. Kc3 Bg6 30. Rd1 Rxc5+ 31. Kb4 b6 32. Rd8+ Kb7 33. Rd7+ Kb8 34. Rd8+ Kc7 35. Rc8+ Kd6 36. Rxc5 Nd3+ 37. Kc3 Nxf2 38. Rc8 f5 39. Rg8 Bf7 40. Rf8 fxg4 41. Rxf7 gxh3 42. Rxf2 g4 43. Rh2 Ke5 44. Kd2 Kf4 45. Ke2 Kg3 46. Rh1 Kg2 47. Rc1 h2 48. Ke3 g3 49. Rc2+ Kf1 50. Rc1+ Kg2 51. Rc2+ Kh3 52. Rc7 g2 53. Rh7+ Kg4 54. Rg7+ Kf5 55. Rf7+ Ke6 56. Rf8 g1Q+ 57. Kd3 h1Q 58. Kc3 Qe1+ 59. Kb3 Qhf1 60. Ka4 Qxf8 61. b4 Qfxb4# 0-1

[Event "Titled Tuesday intern op 25th Apr Early"]
[Site "Chess.com INT"]
[Date "2023.04.25"]
[Round "1"]
[White "Mammadov, Ziya Parviz"]
[Black "Lehtosaari, Mauri"]
[Result "0-1"]
[WhiteElo "1438"]
[BlackElo "2177"]
[PlyCount "130"]
[EventDate "2023.04.25"]
[EventType "swiss (blitz)"]
[EventRounds "11"]
[EventCountry "USA"]
[SourceTitle "EXT 2024"]
[Source "ChessBase"]
[SourceDate "2023.10.10"]
[SourceVersion "1"]
[SourceVersionDate "2023.10.10"]
[SourceQuality "1"]

1. e4 d5 2. exd5 Qxd5 3. d4 Nf6 4. Nc3 Qd8 5. Nf3 Bg4 6. Be3 e6 7. h3 Bxf3 8. Qxf3 c6 9. Bc4 Nbd7 10. 0-0 Bd6 11. Bg5 Qa5 12. Bh4 0-0 13. Ne4 Nxe4 14. Qxe4 Qh5 15. Bg3 Bxg3 16. fxg3 Nf6 17. Qe3 Rad8 18. Bd3 Rd7 19. c3 Rfd8 20. Rad1 Rd5 21. b4 b6 22. Bb1 c5 23. Bc2 cxd4 24. Rxd4 Rxd4 25. cxd4 Qd5 26. Rd1 Qxa2 27. Qd3 Qd5 28. g4 g6 29. Qa3 a5 30. bxa5 bxa5 31. Qe7 Kg7 32. Kh1 Rd7 33. Qa3 Ne4 34. Kg1 h6 35. Qe3 Nd6 36. Qd3 Ne8 37. Bb3 Qd6 38. Ba4 Rd8 39. Qc3 Qb4 40. Qa1 Nf6 41. h4 Nd5 42. Bc6 Qd6 43. Bxd5 Qxd5 44. Qc3 Ra8 45. Qe3 a4 46. Rf1 a3 47. Qf4 Qd7 48. Qf6+ Kg8 49. Qf4 Rd8 50. Qxh6 Qxd4+ 51. Kh1 Qxg4 52. Qc1 a2 53. Kg1 Qd4+ 54. Kh1 Qxh4+ 55. Kg1 Qd4+ 56. Kh1 Ra8 57. Qc7 Qg7 58. Qc6 a1Q 59. Rxa1 Rxa1+ 60. Kh2 Qe5+ 61. g3 Ra2+ 62. Kh3 Qf5+ 63. g4 Ra3+ 64. Kh4 Qf6+ 65. g5 Qf4# 0-1

[Event "Speed Chess GP3"]
[Site "Chess.com INT"]
[Date "2021.10.02"]
[Round "4"]
[White "Devaev, Alexander"]
[Black "Mammadov, Ziya Parviz"]
[Result "1-0"]
[WhiteElo "2325"]
[BlackElo "1438"]
[PlyCount "71"]
[EventDate "2021.10.02"]
[EventType "swiss (blitz)"]
[EventRounds "10"]
[EventCountry "USA"]
[SourceTitle "CBM 204 Extra"]
[Source "ChessBase"]
[SourceDate "2021.11.30"]
[SourceVersion "1"]
[SourceVersionDate "2021.11.30"]
[SourceQuality "1"]

1. d4 Nf6 2. c4 d6 3. Nc3 g6 4. e4 Bg7 5. Nf3 0-0 6. h3 Nbd7 7. Bg5 e5 8. Be3 Re8 9. Bg5 h6 10. d5 hxg5 11. g4 Nc5 12. Nxg5 Bh6 13. Nf3 Nfxe4 14. Nxe4 Nxe4 15. Qc2 Nc5 16. Be2 Bg7 17. Rg1 e4 18. Nd2 Nd3+ 19. Kf1 Nf4 20. Rg3 Be5 21. Re3 Nxe2 22. Kxe2 f5 23. Rg1 Bf4 24. gxf5 Bxf5 25. Rb3 Bxd2 26. Qxd2 Qf6 27. Rbg3 Re7 28. Kd1 Rae8 29. h4 Rg7 30. h5 Ree7 31. h6 Rh7 32. Rg5 Kf8 33. Kc1 Rxh6 34. R5g3 Rhh7 35. Re3 Rhf7 36. Reg3 1-0

[Event "Speed Chess GP3"]
[Site "Chess.com INT"]
[Date "2021.10.02"]
[Round "8"]
[White "Sarkar, Justin"]
[Black "Mammadov, Ziya Parviz"]
[Result "1-0"]
[WhiteElo "2324"]
[BlackElo "1438"]
[PlyCount "36"]
[EventDate "2021.10.02"]
[EventType "swiss (blitz)"]
[EventRounds "10"]
[EventCountry "USA"]
[SourceTitle "CBM 204 Extra"]
[Source "ChessBase"]
[SourceDate "2021.11.30"]
[SourceVersion "1"]
[SourceVersionDate "2021.11.30"]
[SourceQuality "1"]

1. e4 e6 2. d4 d5 3. Nc3 dxe4 4. Nxe4 Nd7 5. Nf3 Ngf6 6. Nxf6+ Nxf6 7. Bd3 Be7 8. Qe2 0-0 9. Bg5 h6 10. Bd2 b6 11. 0-0-0 Bb7 12. Kb1 Bxf3 13. Qxf3 Qxd4 14. Bxh6 gxh6 15. Bh7+ Nxh7 16. Rxd4 Rad8 17. Rhd1 Rc8 18. h4 Nf6 1-0

[Event "Speed Chess GP2"]
[Site "Chess.com INT"]
[Date "2021.09.25"]
[Round "2"]
[White "Lehtosaari, Mauri"]
[Black "Mammadov, Ziya Parviz"]
[Result "0-1"]
[WhiteElo "2199"]
[BlackElo "1438"]
[PlyCount "98"]
[EventDate "2021.09.25"]
[EventType "swiss (blitz)"]
[EventRounds "10"]
[EventCountry "USA"]
[SourceTitle "CBM 204 Extra"]
[Source "ChessBase"]
[SourceDate "2021.11.30"]
[SourceVersion "1"]
[SourceVersionDate "2021.11.30"]
[SourceQuality "1"]

1. d4 Nf6 2. Nf3 d6 3. g3 g6 4. Bg2 Bg7 5. 0-0 0-0 6. b3 Nbd7 7. Bb2 c5 8. c4 cxd4 9. Nxd4 Nc5 10. Nc3 Rb8 11. e4 a6 12. Rc1 Ncd7 13. h3 Ne5 14. f4 Nc6 15. Nxc6 bxc6 16. Re1 Nh5 17. Kh2 e5 18. f5 Qg5 19. g4 Nf4 20. Qf3 gxf5 21. exf5 Bb7 22. Ne4 Qe7 23. Rcd1 d5 24. Ng3 dxc4 25. bxc4 Nxg2 26. Qxg2 c5 27. Qe2 Bc6 28. Ne4 Bxe4 29. Qxe4 Rxb2+ 30. Re2 Rxe2+ 31. Qxe2 Rd8 32. Rd5 Rxd5 33. cxd5 Qd7 34. Qe4 a5 35. g5 f6 36. g6 h6 37. Qc4 Qd6 38. Kg2 Qb6 39. d6+ Kh8 40. d7 Qc6+ 41. Kg3 Qxd7 42. Qxc5 Qd3+ 43. Kg2 Qd2+ 44. Kg3 Qd8 45. Kf3 Qa8+ 46. Ke2 Qe4+ 47. Kd1 Qxf5 48. Qd5 Qxg6 49. Qe6 Kh7 0-1

[Event "Speed Chess GP2"]
[Site "Chess.com INT"]
[Date "2021.09.25"]
[Round "1"]
[White "Mammadov, Ziya Parviz"]
[Black "Ohanyan, Emin"]
[Result "0-1"]
[WhiteElo "1438"]
[BlackElo "2373"]
[PlyCount "44"]
[EventDate "2021.09.25"]
[EventType "swiss (blitz)"]
[EventRounds "10"]
[EventCountry "USA"]
[SourceTitle "CBM 204 Extra"]
[Source "ChessBase"]
[SourceDate "2021.11.30"]
[SourceVersion "1"]
[SourceVersionDate "2021.11.30"]
[SourceQuality "1"]

1. e4 e5 2. Nf3 Nc6 3. d4 exd4 4. Bc4 Nf6 5. e5 d5 6. Bb5 Ne4 7. Nxd4 Bc5 8. Nxc6 Bxf2+ 9. Kf1 bxc6 10. Bxc6+ Kf8 11. Bxa8 Ba6+ 12. Qe2 Bxe2+ 13. Kxe2 Qxa8 14. Nc3 Nxc3+ 15. bxc3 Bb6 16. Ba3+ Ke8 17. Rhf1 Qc6 18. Rad1 Qxc3 19. Rxd5 Qxa3 20. Rfd1 Ke7 21. Rd7+ Ke6 22. R7d5 Qxa2 0-1

[Event "Speed Chess GP2"]
[Site "Chess.com INT"]
[Date "2021.09.25"]
[Round "5"]
[White "Romanchuk, Viktor"]
[Black "Mammadov, Ziya Parviz"]
[Result "1-0"]
[WhiteElo "2266"]
[BlackElo "1438"]
[PlyCount "53"]
[EventDate "2021.09.25"]
[EventType "swiss (blitz)"]
[EventRounds "10"]
[EventCountry "USA"]
[SourceTitle "CBM 204 Extra"]
[Source "ChessBase"]
[SourceDate "2021.11.30"]
[SourceVersion "1"]
[SourceVersionDate "2021.11.30"]
[SourceQuality "1"]

1. d4 Nf6 2. c4 d6 3. Nc3 g6 4. Nf3 Bg7 5. g3 0-0 6. Bg2 Bd7 7. 0-0 Bc8 8. h3 Nbd7 9. e4 e5 10. Be3 exd4 11. Nxd4 Re8 12. Qc2 Ne5 13. b3 a6 14. Rad1 Bd7 15. f4 Nc6 16. Rfe1 Nh5 17. Kh2 Qf6 18. Nce2 Nb4 19. Qb1 c5 20. Nf3 Qe7 21. Nd2 Nf6 22. Bf2 Bc6 23. a3 Bxe4 24. Nxe4 Nxe4 25. Bxe4 Nc6 26. Bd5 Nd4 27. Nxd4 1-0

[Event "Titled Tuesday intern op 09th Mar"]
[Site "Chess.com INT"]
[Date "2021.03.09"]
[Round "1"]
[White "Vasli, Aref"]
[Black "Mammadov, Ziya Parviz"]
[Result "1-0"]
[WhiteElo "2384"]
[BlackElo "1438"]
[PlyCount "53"]
[EventDate "2021.03.09"]
[EventType "swiss (blitz)"]
[EventRounds "11"]
[EventCountry "USA"]
[SourceTitle "CBM 201 Extra"]
[Source "ChessBase"]
[SourceDate "2021.05.31"]
[SourceVersion "1"]
[SourceVersionDate "2021.05.31"]
[SourceQuality "1"]

1. e4 e6 2. d4 d5 3. Nc3 Bb4 4. e5 c5 5. Bd2 Bxc3 6. Bxc3 cxd4 7. Qxd4 Nc6 8. Qg4 g6 9. 0-0-0 Nge7 10. h4 h5 11. Qf4 Nf5 12. Nf3 a6 13. Ng5 b5 14. f3 Rb8 15. g4 hxg4 16. fxg4 Nh6 17. Bd3 d4 18. Bd2 Qd5 19. Kb1 Qxe5 20. Qf3 Bb7 21. Rhe1 Qd6 22. Qf6 Qd8 23. Qxh8+ Ke7 24. Qxh6 Qd5 25. Qg7 b4 26. Qxf7+ Kd6 27. Rxe6+ 1-0

[Event "Titled Tuesday intern op 02nd Feb"]
[Site "Chess.com INT"]
[Date "2021.02.02"]
[Round "7"]
[White "Mammadov, Ziya Parviz"]
[Black "Fominykh, Maria"]
[Result "0-1"]
[WhiteElo "1438"]
[BlackElo "2206"]
[PlyCount "93"]
[EventDate "2021.02.02"]
[EventType "swiss (blitz)"]
[EventRounds "11"]
[EventCountry "USA"]
[SourceTitle "CBM 200 Extra"]
[Source "ChessBase"]
[SourceDate "2021.03.31"]
[SourceVersion "1"]
[SourceVersionDate "2021.03.31"]
[SourceQuality "1"]

1. e4 d6 2. d4 Nf6 3. Nc3 Nbd7 4. f3 e5 5. dxe5 dxe5 6. Bc4 c6 7. Be3 b5 8. Bb3 Be7 9. Nge2 0-0 10. Qd2 Nc5 11. Qxd8 Rxd8 12. Bxc5 Bxc5 13. Rd1 Bb7 14. Rxd8+ Rxd8 15. Ng3 a5 16. a3 b4 17. axb4 Bxb4 18. 0-0 Rd2 19. Nf5 Kf8 20. Kh1 Ba6 21. Re1 Nd7 22. Ba4 Nc5 23. Bxc6 Rxc2 24. Rd1 Nd3 25. Kg1 Bc5+ 26. Kf1 Nxb2+ 27. Bb5 Bxb5+ 28. Nxb5 Nxd1 29. Ke1 Nc3 30. Nxc3 Rxc3 31. Kd2 Rb3 32. Kc2 a4 33. Ng3 g6 34. Ne2 Re3 35. Nc3 Rxc3+ 36. Kxc3 a3 37. Kb3 Ke7 38. g3 Kd6 39. f4 f5 40. h4 fxe4 41. h5 exf4 42. gxf4 e3 43. f5 gxf5 44. h6 e2 45. Kc4 e1Q 46. Kb5 Qe4 47. Ka6 0-1

[Event "Titled Tuesday intern op 30th June"]
[Site "Chess.com INT"]
[Date "2020.06.30"]
[Round "8"]
[White "Efremov, Vladislav"]
[Black "Mammadov, Ziya Parviz"]
[Result "1-0"]
[WhiteElo "2188"]
[BlackElo "1438"]
[PlyCount "57"]
[EventDate "2020.06.30"]
[EventType "swiss (blitz)"]
[EventRounds "10"]
[EventCountry "USA"]
[SourceTitle "CBM 197 Extra"]
[Source "ChessBase"]
[SourceDate "2020.09.30"]
[SourceVersion "1"]
[SourceVersionDate "2020.09.30"]
[SourceQuality "1"]

1. d4 Nf6 2. c4 d6 3. Nf3 g6 4. g3 Bg7 5. Bg2 0-0 6. 0-0 Nbd7 7. Nc3 c5 8. d5 a6 9. a4 Nb6 10. Qd3 Nfd7 11. a5 Nxc4 12. Qxc4 Ne5 13. Nxe5 Bxe5 14. Bh6 Re8 15. b4 Bd7 16. bxc5 Rc8 17. c6 bxc6 18. dxc6 Be6 19. Qd3 Bf5 20. e4 Be6 21. f4 Bf6 22. f5 Bb3 23. Rab1 Rb8 24. Nd5 Ba4 25. c7 Rxb1 26. cxd8Q Rxf1+ 27. Bxf1 Rxd8 28. Nxf6+ exf6 29. Qd4 1-0

[Event "Titled Tuesday intern op 14th April"]
[Site "Chess.com INT"]
[Date "2020.04.14"]
[Round "6"]
[White "Srdanovic, Jovana"]
[Black "Mammadov, Ziya Parviz"]
[Result "1-0"]
[WhiteElo "2070"]
[BlackElo "1438"]
[PlyCount "97"]
[EventDate "2020.04.14"]
[EventType "swiss (blitz)"]
[EventRounds "10"]
[EventCountry "USA"]
[SourceTitle "EXT 2021"]
[Source "ChessBase"]
[SourceDate "2020.10.23"]
[SourceVersion "1"]
[SourceVersionDate "2020.10.23"]
[SourceQuality "1"]

1. e4 e6 2. d4 d5 3. Nc3 dxe4 4. Nxe4 Nf6 5. Nxf6+ Qxf6 6. Nf3 Nc6 7. Bg5 Qg6 8. Bd3 f5 9. Qe2 Bd6 10. h4 h6 11. h5 Qf7 12. Bd2 Bd7 13. 0-0-0 0-0-0 14. Kb1 g5 15. hxg6 Qxg6 16. c4 Rde8 17. c5 Be7 18. Bf4 Bf6 19. Be5 Nxe5 20. dxe5 Be7 21. Rc1 Bc6 22. Nd4 Bd5 23. c6 b6 24. Rhd1 Bc5 25. Bxf5 exf5 26. Qa6+ Kd8 27. Nf3 Qxc6 28. Qc4 Kc8 29. Rxd5 f4 30. Rcd1 Rd8 31. Qa6+ Qb7 32. Rxd8+ Rxd8 33. Rxd8+ Kxd8 34. Qxb7 Bxf2 35. Qe4 Be3 36. Qg6 Kd7 37. Qxh6 Ke7 38. Qg6 Bc5 39. Qe4 Ke8 40. Kc2 Be7 41. b3 c5 42. e6 Kf8 43. Qf5+ Ke8 44. Qxf4 Kd8 45. Qf7 b5 46. Ne5 Kc7 47. Qxe7+ Kb6 48. Nd7+ Ka5 49. Qd8+ 1-0

[Event "Titled Tuesday intern op 14th April"]
[Site "Chess.com INT"]
[Date "2020.04.14"]
[Round "1"]
[White "Stankovic, Milos"]
[Black "Mammadov, Ziya Parviz"]
[Result "1-0"]
[WhiteElo "2454"]
[BlackElo "1438"]
[PlyCount "69"]
[EventDate "2020.04.14"]
[EventType "swiss (blitz)"]
[EventRounds "10"]
[EventCountry "USA"]
[SourceTitle "EXT 2021"]
[Source "ChessBase"]
[SourceDate "2020.10.23"]
[SourceVersion "1"]
[SourceVersionDate "2020.10.23"]
[SourceQuality "1"]

1. d4 Nf6 2. c4 e6 3. Nc3 c5 4. d5 exd5 5. cxd5 d6 6. e4 Be7 7. f4 Nbd7 8. Nf3 0-0 9. Bd3 a6 10. a4 b6 11. 0-0 Bb7 12. Bc2 c4 13. Qd4 Ng4 14. h3 Bf6 15. Qxc4 Rc8 16. Qd3 Bxc3 17. bxc3 Nc5 18. Qd4 Nf6 19. c4 Re8 20. e5 dxe5 21. fxe5 Nfd7 22. Bxh7+ Kxh7 23. Ng5+ Kg8 24. Nxf7 Qe7 25. Bg5 Nf6 26. Nh6+ gxh6 27. Bxf6 Qf7 28. a5 Qg6 29. axb6 Nb3 30. Qf4 Rc5 31. Ra3 Na5 32. Rg3 Kh7 33. Rxg6 Kxg6 34. Qg4+ Kf7 35. Qg7# 1-0

[Event "Wch U08"]
[Site "Santiago de Compostela"]
[Date "2018.11.08"]
[Round "4"]
[White "Sowinski, Pawel"]
[Black "Mammadov, Ziya Parviz"]
[Result "0-1"]
[WhiteElo "1318"]
[BlackElo "1446"]
[PlyCount "100"]
[EventDate "2018.11.04"]
[EventType "swiss"]
[EventRounds "11"]
[EventCountry "ESP"]
[SourceTitle "EXT 2022"]
[Source "ChessBase"]
[SourceDate "2021.10.06"]
[SourceVersion "1"]
[SourceVersionDate "2021.10.06"]
[SourceQuality "1"]

1. d4 Nf6 2. c4 d6 3. Nc3 g6 4. e4 Bg7 5. f3 0-0 6. Be3 Nbd7 7. Nge2 e5 8. d5 h6 9. g4 Nh7 10. Ng3 Nhf6 11. h4 Kh7 12. Nce2 Nb6 13. b3 c6 14. g5 Ng8 15. h5 hxg5 16. hxg6+ Kxg6 17. Nf5 cxd5 18. Nxg7 Kxg7 19. cxd5 f6 20. Kf2 Nh6 21. Ng3 Rh8 22. Qd2 Bd7 23. Bd3 Kg6 24. Rag1 Qe7 25. a4 Rag8 26. Bb5 Bxb5 27. axb5 Qd7 28. Nh5 Nf7 29. f4 exf4 30. Nxf4+ Kg7 31. Ne6+ Kg6 32. Qe2 Ne5 33. Bd4 Kf7 34. Bxe5 dxe5 35. Qf3 Qe7 36. Rxh8 Rxh8 37. Rc1 Qb4 38. Kg3 Qd2 39. Rc7+ Ke8 40. Ng7+ Kd8 41. Qxf6+ Kxc7 42. Ne6+ Kd6 43. Nc7+ Kc5 44. Qe7+ Kd4 45. Ne6+ Kc3 46. Qc7+ Kxb3 47. Nc5+ Ka2 48. d6 Qf4+ 49. Kg2 Rh2+ 50. Kg1 Qf2# 0-1

[Event "Titled Tuesday intern op 2nd Oct"]
[Site "Chess.com INT"]
[Date "2018.10.02"]
[Round "6"]
[White "Borodavkin, Anatoly"]
[Black "Mammadov, Ziya Parviz"]
[Result "1-0"]
[WhiteElo "2035"]
[BlackElo "1397"]
[PlyCount "82"]
[EventDate "2018.10.02"]
[EventType "swiss (blitz)"]
[EventRounds "10"]
[EventCountry "USA"]
[SourceTitle "EXT 2021"]
[Source "ChessBase"]
[SourceDate "2020.10.23"]
[SourceVersion "1"]
[SourceVersionDate "2020.10.23"]
[SourceQuality "1"]

1. e4 e6 2. d4 d5 3. Nc3 Nf6 4. exd5 exd5 5. Bd3 Bb4 6. Nge2 0-0 7. 0-0 Bg4 8. f3 Bh5 9. Ng3 Bg6 10. f4 Bxd3 11. Qxd3 c5 12. Be3 cxd4 13. Bxd4 Nc6 14. Bxf6 Qxf6 15. Nxd5 Qxb2 16. Rab1 Bc5+ 17. Kh1 Qd4 18. Rxb7 Rad8 19. Nc3 Qxd3 20. cxd3 Rxd3 21. Nce4 Bb6 22. f5 f6 23. Rc1 Rfd8 24. h4 Ne5 25. Nh5 Ng4 26. Rxg7+ Kh8 27. Rxg4 Bd4 28. Nhxf6 Be5 29. Kg1 Bd4+ 30. Kh2 Be5+ 31. g3 Rd2+ 32. Nxd2 Rxd2+ 33. Kg1 Bxf6 34. Rc8+ Bd8 35. f6 Rd1+ 36. Kf2 Rd2+ 37. Ke3 Rd7 38. f7 Re7+ 39. Kd3 Rd7+ 40. Kc2 Rc7+ 41. Rxc7 Be7 1-0

[Event "Wch U08"]
[Site "Batumi"]
[Date "2016.10.27"]
[Round "8"]
[White "Mammadov, Ziya Parviz"]
[Black "Midilesh, MS."]
[Result "0-1"]
[WhiteElo "1244"]
[BlackElo "1214"]
[PlyCount "56"]
[EventDate "2016.10.19"]
[EventType "swiss"]
[EventRounds "11"]
[EventCountry "GEO"]
[SourceTitle "CBM 175 Extra"]
[Source "ChessBase"]
[SourceDate "2016.12.12"]
[SourceVersion "1"]
[SourceVersionDate "2016.12.12"]
[SourceQuality "1"]

1. e4 c5 2. c3 d5 3. exd5 Qxd5 4. d4 Nc6 5. Nf3 Nf6 6. Be3 cxd4 7. cxd4 e6 8. Nc3 Qd6 9. Bd3 a6 10. 0-0 Be7 11. Re1 0-0 12. Qe2 Qd8 13. Rad1 Qa5 14. a3 b5 15. Ne4 Bb7 16. Rc1 Rac8 17. Nxf6+ Bxf6 18. Bd2 Qb6 19. Be3 Nxd4 20. Bxd4 Bxd4 21. Nxd4 Qxd4 22. Rcd1 Qh4 23. Bb1 Rfd8 24. Rxd8+ Rxd8 25. Qc2 Kf8 26. Rd1 g6 27. g3 Rxd1+ 28. Qxd1 Qc4 0-1

[Event "EU School-ch U07"]
[Site "Kallithea"]
[Date "2016.06.19"]
[Round "3"]
[White "Mammadov, Ziya Parviz"]
[Black "Vetokhin, Savva"]
[Result "1/2-1/2"]
[WhiteElo "1190"]
[BlackElo "1444"]
[PlyCount "129"]
[EventDate "2016.06.17"]
[EventType "swiss"]
[EventRounds "9"]
[EventCountry "GRE"]
[SourceTitle "EXT 2017"]
[Source "ChessBase"]
[SourceDate "2016.10.25"]
[SourceVersion "1"]
[SourceVersionDate "2016.10.25"]
[SourceQuality "1"]

1. e4 c6 2. d4 d5 3. exd5 cxd5 4. Bd3 Nf6 5. Nf3 Bg4 6. Bg5 e6 7. h3 Bh5 8. g4 Bg6 9. Bb5+ Nc6 10. Ne5 Qb6 11. Nc3 a6 12. Bxc6+ bxc6 13. b3 Bb4 14. Bd2 Rc8 15. Ne2 Bxd2+ 16. Qxd2 Ne4 17. Qe3 0-0 18. Nd7 Qa5+ 19. c3 Rfd8 20. Ne5 Re8 21. 0-0 Qd8 22. Ng3 Qh4 23. Nxe4 Bxe4 24. Qg3 Qxg3+ 25. fxg3 f6 26. Nf3 Bxf3 27. Rxf3 c5 28. Rd1 Rc6 29. Re3 Kf7 30. Rde1 cxd4 31. cxd4 Rf8 32. Rd3 Rc7 33. a4 Rfc8 34. Ree3 Rc1+ 35. Kf2 Rh1 36. Kg2 Rcc1 37. Rc3 Rxc3 38. Rxc3 Rd1 39. Rc6 Rxd4 40. Rxa6 Rb4 41. h4 Rxb3 42. h5 h6 43. Ra7+ Kg8 44. a5 Ra3 45. a6 e5 46. Rd7 d4 47. a7 Kh7 48. Kf2 Ra2+ 49. Kf3 Ra3+ 50. Kf2 Ra1 51. Kf3 d3 52. Ke3 Ra3 53. Rxd3 Rxa7 54. Ke4 g6 55. Rd6 Ra4+ 56. Kf3 gxh5 57. gxh5 f5 58. Rd7+ Kg8 59. Rd8+ Kf7 60. Rd7+ Ke6 61. Rh7 Ra3+ 62. Kg2 Ra2+ 63. Kf3 e4+ 64. Ke3 Ra3+ 65. Kf2 1/2-1/2